000 00531cam a22002051 4500
001 ne 68001607
003 DLC
005 20260227111841.0
008 890227s1957 xx 000 0 ara
010 _ane 68001607
035 _a(OCoLC)23482750
040 _aDLC
_cMiU
_dDLC
042 _apremarc
050 0 0 _aPJ7866.M3
_bZ7
100 1 _aMiṣrātī, ʻAlī Muṣṭafá.
245 1 0 _aShāʻir min Lībyā.
260 _c[1957]
300 _a244 p.
_bports.
_c21 cm.
600 1 0 _aʻUmar, Ibrāhīm al-Usṭā,
_d1907-1950.
999 _c50336
_d50336